UBT Library

We change Europe! : the European Initiative, Art 11.4 TEU (n.v) / Treaty of Lisbon / (Record no. 157)

000 -LEADER
fixed length control field 01221cam a22002775a 4500
005 - DATE AND TIME OF LATEST TRANSACTION
control field 20131028053403.0
008 - FIXED-LENGTH DATA ELEMENTS--GENERAL INFORMATION
fixed length control field 081118s2008 gw a b 000 0 eng d
020 ## - INTERNATIONAL STANDARD BOOK NUMBER
International Standard Book Number 9783708305189
020 ## - INTERNATIONAL STANDARD BOOK NUMBER
International Standard Book Number 9783830515302
020 ## - INTERNATIONAL STANDARD BOOK NUMBER
International Standard Book Number 9789050957885
041 0# - LANGUAGE CODE
Language code of text/sound track or separate title eng
245 00 - TITLE STATEMENT
Title We change Europe! : the European Initiative, Art 11.4 TEU (n.v) / Treaty of Lisbon /
Statement of responsibility, etc edited by Johannes W. Pichler.
260 ## -
-- Berlin :
-- BWV Berliner Wissenschafts-Verlag ;
-- Mortsel, Belgium :
-- Intersentia ;
-- Wien :
-- Neuer Wissenschaftlicher Verlag,
-- c2008.
300 ## -
-- 472 p. :
-- ill. ;
-- 22 cm.
490 1# -
-- Publications of legal policy ;
-- v. 28 =
-- Schriften zur Rechtspolitik ;
-- 28
500 ## -
-- Preface : f. 9-15
504 ## - BIBLIOGRAPHY, ETC. NOTE
Bibliography, etc Includes bibliographical references.
630 00 -
-- Treaty on European Union
-- (1992).
-- Protocols, etc.,
-- 2007 December 13.
650 #0 -
-- Participimi politik
-- Vendet e Unionit Europian
650 #0 -
-- Demokracia
-- Vendet e Unionit Europian
651 #0 -
-- European Union countries
-- Politika dhe qeverisja
700 1# -
-- Pichler, Johannes W.
830 #0 -
-- Schriften zur Rechtspolitik ;
-- Bd. 28.
856 41 -
-- Table of contents only
-- http://www.loc.gov/catdir/toc/fy0903/2008485215.html
942 ## - ADDED ENTRY ELEMENTS (KOHA)
Source of classification or shelving scheme
Item type Books
Holdings
Withdrawn status Lost status Source of classification or shelving scheme Damaged status Not for loan Collection code Permanent location Current location Shelving location Date acquired Total Checkouts Full call number Barcode Date last seen Price effective from Koha item type
          Koleksioni i përgjithshem UBT - Prishtine UBT - Prishtine Koleksioni i përgjithshem 10/28/2013   323.1(4) PICH 001-000173 10/28/2013 10/28/2013 Books
UBT Library © 2015-2024. All rights reserved University Education for Business and Technology